| 000 | 00689nam a2200205 i 4500 | ||
|---|---|---|---|
| 001 | 99415 | ||
| 003 | ES-MaACL | ||
| 005 | 20250323192210.0 | ||
| 007 | t| | ||
| 008 | 050908s1967 sp ||||1| spa d | ||
| 100 | 1 |
_aMartinelli, César. _977695 |
|
| 245 | 1 | 0 |
_aGaudi _b: su vida, su teoría, su obra / _cCésar Martinelli. |
| 250 | _a[1ª ed.]. | ||
| 260 |
_aBarcelona : _bColegio de Arquitectos de Cataluña y Baleares, _c1967. |
||
| 300 |
_aXVI, 528 p. con 50 lám. : _bil. ; _c28 cm. |
||
| 600 | 1 | 4 |
_aGaudí, Antoni, _d1852-1926 _955994 |
| 710 | 0 | 0 |
_aColegio Oficial de Arquitectos de Cataluña y Baleares. _92956 |
| 852 |
_aES-MaACL _jC-33926 _bR.64836 |
||
| 999 |
_c99415 _d99415 |
||